Pokémon: première génération. - Statistiques

Statistiques générales
  • Ce quiz a été pris 19 fois
  • Le résultat moyen est 96 sur 151
Statistiques - réponses
Type de quiz Catégories Pokémons Numéros % Correct
PlantePoison Graine Bulbizarre 0001
100%
Eau Minitortue Carapuce 0007
100%
FeuVol Flamme Dracaufeu 0006
100%
Feu Flamme Reptincel 0005
100%
Feu Lézard Salamèche 0004
100%
Eau Carapace Tortank 0009
100%
Eau Tortue Carabaffe 0008
94%
PlantePoison Graine Florizarre 0003
94%
PlantePoison Graine Herbizarre 0002
94%
InsectePoison Cocon Coconfort 0014
88%
Dragon Dragon Draco 0148
88%
Psy Nouveau Mew 0151
88%
Psy Génétique Mewtwo 0150
88%
InsecteVol Papillon Papilusion 0012
88%
Electrik Souris Pikachu 0025
88%
Electrik Souris Raichu 0026
88%
NormalVol Oiseau Roucarnage 0018
88%
NormalVol Minoiseau Roucool 0016
88%
NormalVol Oiseau Roucoups 0017
88%
InsectePoison Insectopic Aspicot 0013
81%
Insecte Ver Chenipan 0010
81%
DragonVol Dragon Dracolosse 0149
81%
Normal Chadégout Miaouss 0052
81%
RocheSol Roche Racaillou 0074
81%
Normal Souris Rattata 0019
81%
Normal Pionceur Ronflex 0143
81%
Psy Psy Abra 0063
75%
Psy Psy Alakazam 0065
75%
Poison Cobra Arbok 0024
75%
Feu Renard Feunard 0038
75%
Poison Dégueu Grotadmorv 0089
75%
InsecteVol Mante Insécateur 0123
75%
EauVol Terrifiant Léviator 0130
75%
Combat Colosse Machoc 0066
75%
Eau Poisson Magicarpe 0129
75%
ElectrikAcier Magnétique Magnéti 0081
75%
ElectrikAcier Magnétique Magnéton 0082
75%
Dragon Dragon Minidraco 0147
75%
Normal Chadeville Persian 0053
75%
Poison Dégueu Tadmorv 0088
75%
Combat Puncheur Tygnon 0107
75%
Poison Serpent Abo 0023
69%
Feu Légendaire Arcanin 0059
69%
GlaceVol Glaciaire Artikodin 0144
69%
NormalVol Canard Fou Canarticho 0083
69%
Insecte Cocon Chrysacier 0011
69%
InsectePoison Guêpoison Dardargnan 0015
69%
SpectrePoison Ombre Ectoplasma 0094
69%
SpectrePoison Gaz Fantominus 0092
69%
Feu Cheval Feu Galopa 0078
69%
Feu Renard Goupix 0037
69%
RocheSol Titanesque Grolem 0076
69%
Psy Hypnose Hypnomade 0097
69%
EauGlace Otarie Lamantine 0087
69%
Combat Colosse Machopeur 0067
69%
Combat Colosse Mackogneur 0068
69%
Eau Otarie Otaria 0086
69%
Feu Cheval Feu Ponyta 0077
69%
Normal Souris Rattatac 0020
69%
NormalFée Bouboule Rondoudou 0039
69%
Poison Gaz Mortel Smogo 0109
69%
Poison Gaz Mortel Smogogo 0110
69%
SpectrePoison Gaz Spectrum 0093
69%
Sol Taupe Taupiqueur 0050
69%
Eau Canard Akwakwak 0055
63%
Feu Chiot Caninos 0058
63%
PlantePoison Fleur Chétiflor 0069
63%
Combat Porsinge Colossinge 0057
63%
Electrik Balle Electrode 0101
63%
Combat Porsinge Férosinge 0056
63%
RocheSol Roche Gravalanch 0075
63%
NormalFée Bouboule Grodoudou 0040
63%
Psy Psy Kadabra 0064
63%
Combat Latteur Kicklee 0106
63%
PlantePoison Racine Mystherbe 0043
63%
PoisonVol Chovsouris Nosferapti 0041
63%
RocheSol Serpenroc Onix 0095
63%
NormalVol Minoiseau Piafabec 0021
63%
Eau Poisson Poissirène 0118
63%
Eau Canard Psykokwak 0054
63%
Eau Têtard Ptitard 0060
63%
PlantePoison Fleur Rafflesia 0045
63%
NormalVol Bec-Oiseau Rapasdepic 0022
63%
Psy Hypnose Soporifik 0096
63%
FeuVol Flamme Sulfura 0146
63%
Normal Buffle Tauros 0128
63%
Eau Têtard Têtarte 0061
63%
Sol Taupe Triopikeur 0051
63%
Electrik Balle Voltorbe 0100
63%
Eau Bulleur Aquali 0134
56%
PlantePoison Carnivore Boustiflor 0070
56%
NormalVol Trioiseau Dodrio 0085
56%
NormalVol Duoiseau Doduo 0084
56%
ElectrikVol Electrique Electhor 0145
56%
PlantePoison Carnivore Empiflor 0071
56%
Normal Evolutif Evoli 0133
56%
Eau Doux Crabe Krabby 0098
56%
Normal Oeuf Leveinard 0113
56%
Fée Fée Mélofée 0035
56%
Normal Morphing Métamorph 0132
56%
PoisonVol Chovsouris Nosferalto 0042
56%
Sol Gard'Os Ossatueur 0105
56%
Feu Flamme Pyroli 0136
56%
Eau Etoile Stari 0120
56%
EauPsy Mystérieux Staross 0121
56%
Electrik Orage Voltali 0135
56%
RocheEau Spirale Amonistar 0139
50%
RocheEau Spirale Amonita 0138
50%
EauGlace Bivalve Crustabri 0091
50%
Electrik Electrique Elektek 0125
50%
Normal Lécheur Excelangue 0108
50%
RocheEau Carapace Kabuto 0140
50%
RocheEau Carapace Kabutops 0141
50%
Eau Pince Krabboss 0099
50%
Fée Fée Mélodelfe 0036
50%
PoisonSol Perceur Nidoking 0034
50%
PoisonSol Perceur Nidoqueen 0031
50%
Poison Vénépic Nidorina 0030
50%
Poison Vénépic Nidorino 0033
50%
PlantePsy Fruitpalme Noadkoko 0103
50%
PlantePsy Oeuf Noeunoeuf 0102
50%
PlantePoison Racine Ortide 0044
50%
Sol Solitaire Osselait 0104
50%
Eau Poisson Poissoroy 0119
50%
RocheVol Fossile Ptéra 0142
50%
Plante Vigne Saquedeneu 0114
50%
Insecte Scarabée Scarabrute 0127
50%
EauCombat Têtard Tartard 0062
50%
EauPoison Mollusque Tentacool 0072
50%
EauPoison Mollusque Tentacruel 0073
50%
InsectePoison Papipoison Aéromite 0049
44%
EauPsy Symbiose Flagadoss 0080
44%
Eau Dragon Hypotrempe 0116
44%
Normal Maternel Kangourex 0115
44%
Eau Bivalve Kokiyas 0090
44%
EauGlace Transport Lokhlass 0131
44%
Feu Crache-Feu Magmar 0126
44%
InsectePoison Vermine Mimitoss 0048
44%
Poison Vénépic Nidoran♀ 0029
44%
Poison Vénépic Nidoran♂ 0032
44%
InsectePlante Champignon Paras 0046
44%
InsectePlante Champignon Parasect 0047
44%
EauPsy Crétin Ramoloss 0079
44%
Sol Souris Sabelette 0027
44%
Sol Souris Sablaireau 0028
44%
Eau Dragon Hypocéan 0117
38%
GlacePsy Humanoïde Lippoutou 0124
38%
PsyFée Bloqueur M. Mime 0122
38%
Normal Virtuel Porygon 0137
38%
SolRoche Piquant Rhinocorne 0111
38%
Sol Roche Perceur Rhinoféros 0112
31%
Aucun quiz correspondant
Distribution des résultats
% des personnes avec chaque résultat
Percentile par nombre de réponses
Votre historique - résultats
Vous n’avez pas pris ce quiz